00335nam a2200121Ia 4500008004100000041000800041082001500049100001700064245004500081260004300126300003200169365001200201240624s9999 xx 000 0 und d aeng a363.16 TRE aTREHAN JYOTI aCRIME AND MONEY LAUNDERING THE INDIAN PE c2004aLondonbKluwer Law International axiii, : 253 : p. : cm. ; 24 cERUb26